书目信息 |
| 题名: |
食品与基因工程
|
|
| 作者: | 林影 , 石磊 , 杜红丽 编著 | |
| 分册: | ||
| 出版信息: | 北京 化学工业出版社 2008 |
|
| 页数: | 181页 | |
| 开本: | 24cm | |
| 丛书名: | ||
| 单 册: | ||
| 中图分类: | TS201.1 | |
| 科图分类: | ||
| 主题词: | 食品--外源--遗传工程 , 食品 , 外源 , 基因工程 | |
| 电子资源: | ||
| ISBN: | 978-7-122-01272-2 | |
| 000 | 00947nam0 2200289 45 | |
| 001 | 1033005187 | |
| 005 | 20100407095757.89 | |
| 010 | @a978-7-122-01272-2@dCNY28.00 | |
| 100 | @a20100331d2008 ekmy0chiy0120 ea | |
| 101 | 0 | @achi |
| 102 | @aCN@b110000 | |
| 105 | @ay z 000yy | |
| 106 | @ar | |
| 200 | 1 | @a食品与基因工程@AShi Pin Yu Ji Yin Gong Cheng@f林影,石磊,杜红丽编著@FLin Ying, Shi Lei, Du Hong Li Bian Zhu |
| 210 | @a北京@c化学工业出版社@d2008 | |
| 215 | @a181页@d24cm | |
| 330 | @a本书就基因工程基本原理及其在改良食品加工原料、食品加工过程、食品检测和食品安全等方面作了系统的介绍,有助于增加人们对转基因食品的认识。 | |
| 606 | 0 | @a食品@x外源@x遗传工程 |
| 606 | 0 | @a食品 |
| 606 | 0 | @a外源 |
| 606 | 0 | @a基因工程 |
| 690 | @aTS201.1@v4 | |
| 701 | 0 | @a林影@ALin Ying@4编著 |
| 701 | 0 | @a石磊@AShi Lei@4编著 |
| 701 | 0 | @a杜红丽@ADu Hong Li@4编著 |
| 801 | 0 | @aCN@bTANGWEI@c20100407 |
| 905 | @b0587400-04@dTS201.1@e111@f5 | |
| 食品与基因工程/林影,石磊,杜红丽编著.-北京:化学工业出版社,2008 |
| 181页;24cm |
| ISBN 978-7-122-01272-2:CNY28.00 |
| 本书就基因工程基本原理及其在改良食品加工原料、食品加工过程、食品检测和食品安全等方面作了系统的介绍,有助于增加人们对转基因食品的认识。 |
| ● |
| 相关链接 |
|
|
|
|
正题名:食品与基因工程
索取号:TS201.1/111
 
预约/预借
| 序号 | 登录号 | 条形码 | 馆藏地/架位号 | 状态 | 备注 |
| 1 | 0587400 | 205874008 | 第二样本阅览室/ [索取号:TS201.1/111] | 在馆 | |
| 2 | 0587401 | 205874017 | 第三借阅区/ [索取号:TS201.1/111] | 在馆 | |
| 3 | 0587402 | 205874026 | 第三借阅区/ [索取号:TS201.1/111] | 在馆 | |
| 4 | 0587403 | 205874035 | 第三借阅区/ [索取号:TS201.1/111] | 在馆 | |
| 5 | 0587404 | 205874044 | 第三借阅区/ [索取号:TS201.1/111] | 在馆 |